Movies Quiz

Random Movies or Actress Quiz

Wedding Movies Quiz Stats

 Plays Quiz Updated Oct 24, 2018

Score 0/25 Timer 07:00
0 Plays Today
Year Movie % Correct
2005Wedding Crashers
87.7%
1998The Wedding Singer
77.1%
1999Runaway Bride
74.6%
2001The Wedding Planner
74%
200827 Dresses
70.6%
1991Father of the Bride
68.5%
1997My Best Friend's Wedding
67.6%
2002My Big Fat Greek Wedding
62%
2009Bride Wars
60.7%
2002Sweet Home Alabama
59.4%
1994Four Weddings and a Funeral
54.7%
2005The Wedding Date
48.2%
2008Made of Honor
47.2%
Year Movie % Correct
2008Mamma Mia!
33.4%
2008Rachel Getting Married
26.4%
1993So I Married an Axe Murderer
25.2%
1999The Bachelor
21.5%
2007License to Wed
18.6%
1994Muriel's Wedding
17.2%
1999The Best Man
12.9%
2009The Proposal
8.9%
1954Seven Brides for Seven Brothers
8.4%
2001Monsoon Wedding
7.5%
1953How to Marry a Millionaire
6.8%
1991The Marrying Man
3.1%

You're not logged in!

Compare scores with friends on all Sporcle quizzes.
OR
Log In

Sporcle TV

Today on Sporcle TV


Watch our educational content, quiz creation guides, and fun videos on Sporcle TV.

Show Comments

Extras

Top Quizzes Today


Score Distribution

Your Account Isn't Verified!

In order to create a playlist on Sporcle, you need to verify the email address you used during registration. Go to your Sporcle Settings to finish the process.

Report this User

Report this user for behavior that violates our Community Guidelines.

Details: